| 000 | 01158cam a2200289 a 4500 | ||
|---|---|---|---|
| 001 | 26368 | ||
| 003 | BD-RjUL | ||
| 005 | 20211209051016.0 | ||
| 008 | 140322s1980 mdu b 001 0 eng d | ||
| 020 | _a0890933782 | ||
| 035 | _a(BD-RjUL)26438 | ||
| 040 |
_aDLC _cDLC _dDLC _dBD-RjUL _beng |
||
| 041 | _aeng | ||
| 082 | 0 | 0 |
_a327.73055 _219 _bUND 1980 |
| 245 | 0 | 4 |
_aThe United States and Iran : _ba documentary history / _cYonah Alexander and Allan Nanes, editors ; prepared in association with the World Power Studies Program, the Center for Strategic and International Studies, Georgetown University. |
| 260 |
_aFrederick, Md. : _bAletheia Books : _bUniversity Publications of America, _cc1980. |
||
| 300 |
_axi, 524 p. ; _c24 cm. |
||
| 504 | _aBibliography: p. 512-522. and Index | ||
| 651 | 0 |
_aUnited States _xForeign relations _zIran _xSources. _981078 |
|
| 651 | 0 |
_aIran _xForeign relations _zUnited States _xSources. _981079 |
|
| 700 | 1 |
_aAlexander, Yonah. _981080 |
|
| 700 | 1 |
_aNanes, Allan S. _981081 |
|
| 710 | 2 |
_aGeorgetown University. _bWorld Power Studies Program. _981082 |
|
| 942 |
_2ddc _cBK |
||
| 999 |
_c26368 _d26368 |
||